000
00308nam a22001217a 4500
082
_a
621.402
_b
KOT/CO
100
_a
Kothandaraman,C.P
245
_a
Course in thermal engineering
260
_a
New Delhi
_b
Dhanpat Rai & Co. (P) Ltd.
_c
2011
700
_a
Domkundwar,S
700
_a
Anand Domkundwar
942
_c
BK
999
_c
13891
_d
13891